| 000 | 00722nac a22002051u 4500 | ||
|---|---|---|---|
| 082 |
_a006.6633 _bS987 |
||
| 090 |
_c507 _d507 |
||
| 100 | _aSymmonds, Nicholas. | ||
| 245 |
_a and VB .NET / _aGDI+ programming in C _cNick Symmonds. |
||
| 260 |
_aBerkeley, Calif. _bApress, _cc2002. |
||
| 300 |
_axxii, 589 p. : _bill. ; _c24 cm. |
||
| 440 | _a.NET developer series | ||
| 500 | _aIncludes index. | ||
| 650 | _aComputer graphics. | ||
| 650 | _aInternet programming. | ||
| 650 |
_aC& _a9839; (Computer program language) |
||
| 650 | _aMicrosoft .NET. | ||
| 942 |
_cBB _k006.6633S987 |
||
| 999 |
_c507 _d507 |
||